000 00463nam a2200157 a 4500
005 20140412111305.0
008 030416s19uu xx 00 eng d
020 _a971-511-588-8
050 _aFil E
_bPi65 1996
245 _aAng pinakamahalagang kuwento sa lahat.
260 _aMandaluyong City, Philippines :
_bOMF Literature,
_c1996.
300 _a1 v. (unp.) ; ill.
650 _aComics, Evangelistic
650 _aBible stories, Filipino
999 _c103621
_d103621